000 00430nam a2200181Ia 4500
001 17871
005 20260306171549.0
008 260306s9999||||xx |||||||||||||| ||und||
041 _aESP
082 _a658.3
_bC36
100 _aCatalão, Alberto João
_eAUT
245 0 _aHerramientas de coaching
260 _c2011
300 _avii, 280 páginas :
_c24 cm.
650 _aGEN
654 _aCAN
942 _cLIB
_dJUS
_fJUS
_2ddc
_n
999 _c17871
_d17871